Pokémon - Gender Differences - Statistics

General Stats
  • This quiz has been taken 436 times
  • The average score is 10 of 14
Answer Stats
Pokémon Difference % Correct
Pikachu [F] Heart Shaped Tail
99%
Frillish/Jellicent [M] is blue while [F] is pink
89%
Hippowdon [F] is dark gray while [M] is light brown
86%
Meowstic [F] are mostly white, [M] are mostly blue
81%
Pyroar [M] Large Mane
81%
Nidoran Separate evolutionary lines, different coloring
79%
Heracross [F] Heart Shaped Horn
72%
Wobbuffet [F] Lipstick
71%
Unfezant [M] Mask
62%
Goldeen/Seaking [M] Larger Horn
61%
Gyarados [M] Blue Whiskers, [F] White Whiskers
54%
Piloswine/Mamoswine [F] Smaller Tusks
53%
Doduo/Dodrio [M] Black Necks, [F] Beige Necks
50%
Kadabra/Alakazam [F] Smaller Whiskers
39%
No matching quizzes found
Score Distribution
Percent of People with Each Score
Percentile by Number Answered
Your Score History
You have not taken this quiz